College Quizbowl Stats
College Quizbowl Stats
Circuits
Seasons
Sets
Records
Detailed Stats
About
Loading...
2024 ACF Winter at Ohio State
Tossups
Bonuses
Players
Teams
Categories (Tossup)
Categories (Bonus)
Ruchir
Case Western B
Categories
Category
Powers
Gets
Negs
BBs
Points
Earliest Buzz
Avg. Buzz
First Buzzes
Top 3 Buzzes
Science - Other Science
0
1
0
0
10
112
112.00
0
0
Science - Physics
0
1
0
1
10
124
124.00
0
0
Fine Arts - Classical Music
0
1
1
0
5
35
35.00
1
1
Buzzes
Category
Answer
Value
Buzz Position
Fine Arts - Classical Music
Turkey
10
35
Fine Arts - Classical Music
human voice
-5
70
Science - Other Science
artificial neural networks
10
112
Science - Physics
Hamiltonian
10
124
Previous
1
Next